[Event "Madrid-ch 2011-2012 sub-18"]
[Site "Madrid ESP"]
[Date "2011.12.26"]
[Round "1.1"]
[White "Suarez Uriel, Adrian"]
[Black "Pablos Tenrero, Raquel"]
[Result "1-0"]
[WhiteElo "2238"]
[BlackElo "1963"]
[PlyCount "93"]
[EventDate "2011.12.26"]
[EventType "swiss"]
[EventRounds "7"]
[EventCountry "ESP"]
[Source "lmi"]
[SourceDate "2011.12.26"]

1. Nf3 Nf6 2. g3 b5 3. Bg2 Bb7 4. O-O e6 5. b3 Be7 6. Bb2 O-O 7. d4 d6 8. Qd3
a6 9. Nbd2 c5 10. dxc5 dxc5 11. Ne5 Qxd3 12. cxd3 Bd5 13. Rac1 Nbd7 14. Rc2
Rac8 15. Rfc1 Nb6 16. Ba3 b4 17. Bb2 Nfd7 18. Nxd7 Nxd7 19. Nc4 Rc7 20. Bxd5
exd5 21. Ne3 Nb6 22. Nf5 f6 23. Bd4 Rfc8 24. Nxe7+ Rxe7 25. Rxc5 Rxc5 26. Rxc5
Rxe2 27. Ra5 Nd7 28. Rxd5 Ne5 29. Bxe5 fxe5 30. Ra5 Rd2 31. Rxa6 Rxd3 32. Ra5
Rd1+ 33. Kg2 e4 34. Re5 Re1 35. h3 Kf7 36. Rb5 Re2 37. Kf1 Rxa2 38. Rxb4 Rb2
39. Rb7+ Kf6 40. b4 h6 41. b5 Kg6 42. g4 Kf6 43. b6 g6 44. h4 Ke6 45. Rb8 Kd7
46. b7 Kc7 47. Rg8 1-0

[Event "Madrid-ch 2011-2012 sub-18"]
[Site "Madrid ESP"]
[Date "2011.12.26"]
[Round "1.2"]
[White "Morona Minguez, Irene"]
[Black "Martin Duque, Jesus"]
[Result "0-1"]
[WhiteElo "1901"]
[BlackElo "2174"]
[PlyCount "56"]
[EventDate "2011.12.26"]
[EventType "swiss"]
[EventRounds "7"]
[EventCountry "ESP"]
[Source "lmi"]
[SourceDate "2011.12.26"]

1. e4 g6 2. d4 Bg7 3. Nc3 d6 4. f4 Nc6 5. Be3 Nf6 6. Be2 O-O 7. d5 Nb8 8. Nf3
Na6 9. O-O c5 10. h3 Nc7 11. Qd2 b5 12. e5 b4 13. exf6 bxc3 14. bxc3 Bxf6 15.
Ng5 Bb7 16. c4 Bxa1 17. Rxa1 e6 18. f5 exf5 19. Qe1 f6 20. Nf3 Qe7 21. Bf4 Rfe8
22. Kf2 Ba6 23. Qd2 Qxe2+ 24. Qxe2 Rxe2+ 25. Kxe2 Bxc4+ 26. Kd2 Rd8 27. Rb1
Nxd5 28. Bh2 Nb6 0-1

[Event "Madrid-ch 2011-2012 sub-18"]
[Site "Madrid ESP"]
[Date "2011.12.26"]
[Round "1.3"]
[White "Fernandez Lledo, Javier"]
[Black "Rios Rebollo, Victor"]
[Result "1-0"]
[WhiteElo "2171"]
[BlackElo "1848"]
[PlyCount "67"]
[EventDate "2011.12.26"]
[EventType "swiss"]
[EventRounds "7"]
[EventCountry "ESP"]
[Source "lmi"]
[SourceDate "2011.12.26"]

1. c4 Nf6 2. Nf3 e6 3. e3 d5 4. b3 Be7 5. Bb2 Nbd7 6. Qc2 c6 7. Nc3 O-O 8. Rg1
dxc4 9. bxc4 b6 10. g4 Bb7 11. g5 Ne8 12. Bd3 g6 13. Ne4 Bb4 14. a3 Ba5 15. Ne5
Nxe5 16. Bxe5 c5 17. h4 Qd7 18. Ke2 Bxe4 19. Bxe4 Rd8 20. Rad1 Nd6 21. h5 Nxe4
22. Qxe4 a6 23. Bf6 Rc8 24. Qf4 b5 25. Bb2 Bd8 26. hxg6 fxg6 27. Qe5 Kf7 28. d4
Qc7 29. Qe4 cxd4 30. Rxd4 bxc4 31. Rgd1 Qb6 32. Rd7+ Ke8 33. Bc3 Rf7 34. R1d6
1-0

[Event "Madrid-ch 2011-2012 sub-18"]
[Site "Madrid ESP"]
[Date "2011.12.26"]
[Round "1.4"]
[White "Ananian, Arman"]
[Black "Madurga Lopez, Ignacio"]
[Result "0-1"]
[WhiteElo "1814"]
[BlackElo "2092"]
[PlyCount "82"]
[EventDate "2011.12.26"]
[EventType "swiss"]
[EventRounds "7"]
[EventCountry "ESP"]
[Source "lmi"]
[SourceDate "2011.12.26"]

1. d4 Nf6 2. Nf3 g6 3. Bf4 Bg7 4. e3 O-O 5. Bd3 d6 6. c3 Nbd7 7. Nbd2 Re8 8. e4
e5 9. dxe5 dxe5 10. Bg3 Nc5 11. Bc2 Nd3+ 12. Bxd3 Qxd3 13. Qe2 Qxe2+ 14. Kxe2
Nh5 15. Ne1 b6 16. f3 Ba6+ 17. c4 Rad8 18. b3 Bh6 19. Rd1 b5 20. Nc2 Bxd2 21.
Rxd2 bxc4 22. Rxd8 Nxg3+ 23. hxg3 Rxd8 24. Nb4 Bb5 25. a4 Be8 26. bxc4 Bxa4 27.
Rc1 Rd4 28. Nd3 Bb3 29. c5 Bc4 30. Rc3 Kf8 31. Ke3 Bxd3 32. Rxd3 Rxd3+ 33. Kxd3
Ke7 34. Kc4 Kd7 35. Kb5 a6+ 36. Kxa6 Kc6 37. Ka7 Kxc5 38. Kb7 Kd6 39. Ka6 Kc6
40. Ka7 Kb5 41. Kb7 c5 0-1

[Event "Madrid-ch 2011-2012 sub-18"]
[Site "Madrid ESP"]
[Date "2011.12.27"]
[Round "2.1"]
[White "Madurga Lopez, Ignacio"]
[Black "Suarez Uriel, Adrian"]
[Result "1/2-1/2"]
[WhiteElo "2092"]
[BlackElo "2238"]
[PlyCount "76"]
[EventDate "2011.12.26"]
[EventType "swiss"]
[EventRounds "7"]
[EventCountry "ESP"]
[Source "lmi"]
[SourceDate "2011.12.26"]

1. e4 c5 2. Nf3 Nc6 3. d4 cxd4 4. Nxd4 g6 5. Nc3 Bg7 6. Be3 Nf6 7. Bc4 O-O 8.
Bb3 d6 9. f3 Bd7 10. Qd2 Nxd4 11. Bxd4 b5 12. h4 a5 13. a4 bxa4 14. Nxa4 Rb8
15. h5 Bxa4 16. h6 Bh8 17. Rxa4 Ra8 18. g4 Nd7 19. Bd5 Bxd4 20. Bxa8 Bh8 21.
Bd5 Qb6 22. c3 Ne5 23. Qe2 Rb8 24. b3 e6 25. Bc4 Nxc4 26. Rxc4 d5 27. exd5 exd5
28. Rf4 Qc7 29. Qe3 Bxc3+ 30. Kf2 Be5 31. Rc1 Bxf4 32. Rxc7 Bxe3+ 33. Kxe3
Rxb3+ 34. Kd4 Kf8 35. Kxd5 Rxf3 36. Ra7 f5 37. gxf5 Rxf5+ 38. Ke6 Kg8 1/2-1/2

[Event "Madrid-ch 2011-2012 sub-18"]
[Site "Madrid ESP"]
[Date "2011.12.27"]
[Round "2.2"]
[White "Martin Duque, Jesus"]
[Black "Fernandez Lledo, Javier"]
[Result "0-1"]
[WhiteElo "2174"]
[BlackElo "2171"]
[PlyCount "60"]
[EventDate "2011.12.26"]
[EventType "swiss"]
[EventRounds "7"]
[EventCountry "ESP"]
[Source "lmi"]
[SourceDate "2011.12.26"]

1. Nf3 d6 2. c4 e5 3. Nc3 Nc6 4. g3 g6 5. Bg2 Bg7 6. O-O f5 7. d3 Nge7 8. Bd2
h6 9. Rb1 g5 10. b4 Ng6 11. b5 Nce7 12. Ne1 O-O 13. Nc2 f4 14. Nb4 Nf5 15. Qa4
g4 16. Qa5 Nd4 17. Bd5+ Kh8 18. Na6 Qg5 19. Nxc7 Qh5 20. Bh1 f3 21. e3 Qh3 22.
e4 Nf4 23. Bxf4 exf4 24. Nxa8 Be5 25. Rb2 Ne6 26. b6 Bd4 27. Qd5 fxg3 28. Qxd4+
Nxd4 29. hxg3 a6 30. e5 Rf5 0-1

[Event "Madrid-ch 2011-2012 sub-18"]
[Site "Madrid ESP"]
[Date "2011.12.27"]
[Round "2.5"]
[White "Rios Rebollo, Victor"]
[Black "Ananian, Arman"]
[Result "1-0"]
[WhiteElo "1848"]
[BlackElo "1814"]
[PlyCount "109"]
[EventDate "2011.12.26"]
[EventType "swiss"]
[EventRounds "7"]
[EventCountry "ESP"]
[Source "lmi"]
[SourceDate "2011.12.26"]

1. d4 Nf6 2. c4 g6 3. Nc3 Bg7 4. e4 d6 5. f3 O-O 6. Be3 e5 7. d5 a6 8. Qd2 Bd7
9. Bd3 Qe8 10. b4 Nh5 11. Nge2 f5 12. a3 Nf4 13. Bxf4 exf4 14. Qxf4 fxe4 15.
Qxe4 Qf7 16. O-O Bf5 17. Qe3 Re8 18. Qd2 Bxd3 19. Qxd3 Nd7 20. f4 Re7 21. Rad1
Rae8 22. Rf3 Bf6 23. Ng3 Re1+ 24. Rxe1 Rxe1+ 25. Kf2 Bxc3 26. Qxc3 Re8 27. h3
Nf6 28. Re3 Rf8 29. Qe1 Ne8 30. Rf3 Ng7 31. Qe4 Qf6 32. Qd3 Qh4 33. Kg1 Rxf4
34. Rxf4 Qxf4 35. Ne2 Qf5 36. Qxf5 Nxf5 37. Kf2 Kf7 38. g4 Ng7 39. Kf3 g5 40.
Nd4 Kf6 41. Ke4 h6 42. a4 Kg6 43. a5 Kf6 44. b5 Kg6 45. bxa6 bxa6 46. Nc6 h5
47. Nb4 Ne8 48. Nxa6 Nf6+ 49. Kf3 Ne8 50. Nb4 c6 51. dxc6 hxg4+ 52. hxg4 Nc7
53. Nd5 Ne6 54. c7 Nd4+ 55. Ke4 1-0

[Event "Madrid-ch 2011-2012 sub-18"]
[Site "Madrid ESP"]
[Date "2011.12.28"]
[Round "3.1"]
[White "Fernandez Lledo, Javier"]
[Black "Cerrato Torrijos, Maria"]
[Result "1/2-1/2"]
[WhiteElo "2171"]
[BlackElo "2069"]
[PlyCount "54"]
[EventDate "2011.12.26"]
[EventType "swiss"]
[EventRounds "7"]
[EventCountry "ESP"]
[Source "lmi"]
[SourceDate "2011.12.26"]

1. e4 c5 2. Nf3 Nc6 3. d4 cxd4 4. Nxd4 g6 5. Nc3 Bg7 6. Nde2 d6 7. h3 Nf6 8. g4
Be6 9. Bg2 Rc8 10. O-O O-O 11. Be3 a6 12. a4 Bc4 13. Rc1 b5 14. axb5 axb5 15.
b3 Bxe2 16. Nxe2 Nd7 17. f4 Nb4 18. Qd2 Na2 19. Rcd1 Nc3 20. Nxc3 Rxc3 21. Bf2
Qc8 22. e5 Rxc2 23. Qd3 b4 24. Qb5 Nc5 25. exd6 exd6 26. Qxb4 Qc7 27. Bxc5
Qxc5+ 1/2-1/2

[Event "Madrid-ch 2011-2012 sub-18"]
[Site "Madrid ESP"]
[Date "2011.12.28"]
[Round "3.2"]
[White "Suarez Uriel, Adrian"]
[Black "Martin Duque, Jesus"]
[Result "1-0"]
[WhiteElo "2238"]
[BlackElo "2174"]
[PlyCount "85"]
[EventDate "2011.12.26"]
[EventType "swiss"]
[EventRounds "7"]
[EventCountry "ESP"]
[Source "lmi"]
[SourceDate "2011.12.26"]

1. e4 Nf6 2. e5 Nd5 3. d4 d6 4. c4 Nb6 5. exd6 cxd6 6. Nc3 g6 7. Be3 Bg7 8. Rc1
O-O 9. b3 Bf5 10. Nf3 Bg4 11. Be2 e6 12. O-O d5 13. c5 Nc8 14. h3 Bxf3 15. Bxf3
Nc6 16. Qd2 N8e7 17. Ne2 Nf5 18. g4 Nxe3 19. Qxe3 h6 20. Bg2 Qf6 21. Rfd1 Rad8
22. a3 Rfe8 23. Qg3 g5 24. b4 a6 25. Rc3 e5 26. dxe5 Rxe5 27. Re3 Qe6 28. Rxe5
Bxe5 29. Qb3 d4 30. Qxe6 fxe6 31. Nc1 Bg7 32. Nd3 e5 33. Be4 Re8 34. Re1 Kf7
35. a4 Kf6 36. b5 axb5 37. axb5 Nd8 38. Ra1 Re7 39. Ra7 Ke6 40. Ra8 Kd7 41. b6
Rf7 42. Rb8 Ke6 43. Rxd8 1-0

[Event "Madrid-ch 2011-2012 sub-18"]
[Site "Madrid ESP"]
[Date "2011.12.28"]
[Round "3.3"]
[White "Morona Minguez, Irene"]
[Black "Madurga Lopez, Ignacio"]
[Result "1/2-1/2"]
[WhiteElo "1901"]
[BlackElo "2092"]
[PlyCount "137"]
[EventDate "2011.12.26"]
[EventType "swiss"]
[EventRounds "7"]
[EventCountry "ESP"]
[Source "lmi"]
[SourceDate "2011.12.26"]

1. e4 c5 2. Nf3 Nc6 3. d4 cxd4 4. Nxd4 Nf6 5. Nc3 d6 6. Bg5 Bd7 7. Qd2 Rc8 8.
Be2 Nxd4 9. Qxd4 Qa5 10. Be3 a6 11. O-O Ng4 12. Bxg4 Bxg4 13. e5 Be6 14. exd6
exd6 15. Rfe1 Rc4 16. Qxc4 Bxc4 17. Bb6+ Qe5 18. Rxe5+ dxe5 19. Rd1 Be7 20. Ne4
Be6 21. Nc5 Bxc5 22. Bxc5 f6 23. a4 Kf7 24. Rd6 Rc8 25. b4 Rc7 26. Kf1 Rd7 27.
Ke2 Rxd6 28. Bxd6 Bd5 29. f3 Ke6 30. Bc5 Bc6 31. a5 Kd5 32. Ke3 Kc4 33. Kd2 h5
34. c3 g6 35. Be7 f5 36. h4 Kd5 37. Bc5 f4 38. Ke2 Bb5+ 39. Kf2 Kc4 40. g3
fxg3+ 41. Kxg3 Kxc3 42. Bd6 Kd4 43. Kf2 Kd5 44. Bc5 Ke6 45. Be3 Kd5 46. Bg5 Ke6
47. Ke3 Kd5 48. Bf6 Ba4 49. Bg5 Bd1 50. f4 e4 51. Bf6 Ke6 52. Bd8 Kf5 53. Be7
Ke6 54. Bg5 Bc2 55. Bd8 Kd7 56. Bf6 Kc6 57. Be7 b6 58. axb6 Kxb6 59. Bc5+ Kb5
60. Be7 Kc4 61. Bf8 Kd5 62. Be7 Bd3 63. Bg5 Kd6 64. Bf6 Ke6 65. Bg5 Kd5 66. Be7
Kc4 67. Bd6 Kb5 68. Be7 Kc6 69. Bg5 1/2-1/2

[Event "Madrid-ch 2011-2012 sub-18"]
[Site "Madrid ESP"]
[Date "2011.12.28"]
[Round "3.5"]
[White "Ananian, Arman"]
[Black "Pablos Tenrero, Raquel"]
[Result "0-1"]
[WhiteElo "1814"]
[BlackElo "1963"]
[PlyCount "100"]
[EventDate "2011.12.26"]
[EventType "swiss"]
[EventRounds "7"]
[EventCountry "ESP"]
[Source "lmi"]
[SourceDate "2011.12.26"]

1. e4 e5 2. Nf3 Nc6 3. Bb5 a6 4. Ba4 Nge7 5. O-O g6 6. Re1 Bg7 7. c3 O-O 8. h3
b5 9. Bb3 Na5 10. Bc2 c5 11. a4 Bb7 12. d4 exd4 13. cxd4 d6 14. axb5 axb5 15.
Nc3 Qb6 16. Ne2 Nec6 17. d5 Nb4 18. Bb1 Nc4 19. Rxa8 Rxa8 20. b3 Na3 21. Bd3 c4
22. Be3 Qc7 23. bxc4 bxc4 24. Bb1 c3 25. Bd3 Nxd3 26. Qxd3 Ba6 27. Qd1 c2 28.
Qc1 Bd3 29. Nd2 Nc4 30. Nd4 Nxd2 31. Qxd2 Bxe4 32. Rc1 Rc8 33. f3 Bxd5 34. Nb5
Qe7 35. Bg5 Qb7 36. Nd4 Qb6 37. Be3 Qb2 38. Ne2 Ba2 39. Qxd6 Bb1 40. Qd7 Ra8
41. Re1 Qe5 42. Bc1 Qa5 43. Bd2 Qb6+ 44. Kf1 Rd8 45. Ba5 Qxa5 46. Qg4 Rd1 47.
Qc8+ Bf8 48. Nc3 Rxe1+ 49. Kxe1 c1=Q+ 50. Kf2 Qcxc3 0-1

[Event "Madrid-ch 2011-2012 sub-18"]
[Site "Madrid ESP"]
[Date "2011.12.29"]
[Round "4.1"]
[White "Cerrato Torrijos, Maria"]
[Black "Suarez Uriel, Adrian"]
[Result "1-0"]
[WhiteElo "2069"]
[BlackElo "2238"]
[PlyCount "103"]
[EventDate "2011.12.26"]
[EventType "swiss"]
[EventRounds "7"]
[EventCountry "ESP"]
[Source "lmi"]
[SourceDate "2011.12.26"]

1. e4 c5 2. Nc3 Nc6 3. Nf3 g6 4. d4 cxd4 5. Nxd4 Bg7 6. Be3 Nf6 7. Bc4 O-O 8.
Bb3 a5 9. O-O Nxd4 10. Bxd4 d6 11. f3 Bd7 12. a4 Bc6 13. Kh1 Rc8 14. Qd2 Qc7
15. Rac1 Rfd8 16. Rfd1 Nd7 17. Bxg7 Kxg7 18. Nd5 Bxd5 19. Qxd5 Rf8 20. c3 Nc5
21. Bc2 Ne6 22. Bd3 Qb6 23. Bb5 Rc5 24. Qd2 Rd8 25. Rb1 Rh5 26. Bc4 Nc5 27. b4
Nxa4 28. bxa5 Qc6 29. Bd5 Qxc3 30. Rxb7 e6 31. Bxe6 Qe5 32. Qd4 Rf8 33. Qxe5+
Rxe5 34. Bd5 Nc3 35. Ra1 Nxd5 36. exd5 Rxd5 37. a6 Ra8 38. a7 Rc5 39. Kg1 Rcc8
40. Re1 Kf6 41. Ree7 Rf8 42. Kf2 h5 43. Ke3 g5 44. Kd4 Kg6 45. Kd5 f5 46. Re6+
Rf6 47. Rxf6+ Kxf6 48. Kxd6 g4 49. Kc7 Kg5 50. fxg4 hxg4 51. Kb6 f4 52. Rf7 1-0

[Event "Madrid-ch 2011-2012 sub-18"]
[Site "Madrid ESP"]
[Date "2011.12.29"]
[Round "4.2"]
[White "Madurga Lopez, Ignacio"]
[Black "Fernandez Lledo, Javier"]
[Result "1-0"]
[WhiteElo "2092"]
[BlackElo "2171"]
[PlyCount "49"]
[EventDate "2011.12.26"]
[EventType "swiss"]
[EventRounds "7"]
[EventCountry "ESP"]
[Source "lmi"]
[SourceDate "2011.12.26"]

1. e4 c5 2. Nf3 d6 3. d4 cxd4 4. Nxd4 Nf6 5. Nc3 h6 6. Bc4 e6 7. Be3 a6 8. Bb3
Be7 9. Qe2 Nbd7 10. Bxe6 fxe6 11. Nxe6 Qa5 12. Nxg7+ Kf7 13. Nf5 Bf8 14. O-O-O
Qe5 15. f4 Qe6 16. Nd4 Qe7 17. Qc4+ d5 18. Nxd5 b5 19. Qc6 Qxe4 20. Qxa8 Bc5
21. Nf5 Qxf5 22. Bxc5 Nxc5 23. Nxf6 Qxf6 24. Qd5+ Ne6 25. f5 1-0

[Event "Madrid-ch 2011-2012 sub-18"]
[Site "Madrid ESP"]
[Date "2011.12.29"]
[Round "4.3"]
[White "Rios Rebollo, Victor"]
[Black "Morona Minguez, Irene"]
[Result "1/2-1/2"]
[WhiteElo "1848"]
[BlackElo "1901"]
[PlyCount "106"]
[EventDate "2011.12.26"]
[EventType "swiss"]
[EventRounds "7"]
[EventCountry "ESP"]
[Source "lmi"]
[SourceDate "2011.12.26"]

1. d4 Nf6 2. c4 g6 3. Nc3 Bg7 4. e4 d6 5. f3 O-O 6. Be3 c5 7. dxc5 dxc5 8. Qxd8
Rxd8 9. Bxc5 Nc6 10. Nge2 Nd7 11. Ba3 Nde5 12. Nf4 e6 13. Be2 Nd4 14. O-O-O Bh6
15. g3 b6 16. Kb1 Bb7 17. b3 Nxe2 18. Nfxe2 Nxf3 19. Be7 Nd2+ 20. Kc2 Re8 21.
Ba3 Nxe4 22. Rhf1 Rad8 23. Bb2 Bg7 24. a3 Nf6 25. Bc1 Ne4 26. Bb2 h6 27. Nf4
Nxc3 28. Bxc3 Be4+ 29. Kb2 Bxc3+ 30. Kxc3 Kg7 31. b4 Bc6 32. Kb3 a6 33. a4 e5
34. Ne2 f5 35. Nc3 Kf6 36. c5 bxc5 37. bxc5 e4 38. Kc4 e3 39. Rd6+ Rxd6 40.
cxd6 g5 41. Kd4 h5 42. h4 gxh4 43. gxh4 Bxa4 44. Nxa4 Re4+ 45. Kd3 Rxa4 46.
Kxe3 f4+ 47. Kf3 Rd4 48. Ra1 Rxd6 49. Kxf4 Rb6 50. Ra5 Rb4+ 51. Kg3 Rb5 52.
Rxa6+ Kf5 53. Ra3 Rc5 1/2-1/2

[Event "Madrid-ch 2011-2012 sub-18"]
[Site "Madrid ESP"]
[Date "2011.12.29"]
[Round "4.4"]
[White "Martin Duque, Jesus"]
[Black "Pablos Tenrero, Raquel"]
[Result "1-0"]
[WhiteElo "2174"]
[BlackElo "1963"]
[PlyCount "84"]
[EventDate "2011.12.26"]
[EventType "swiss"]
[EventRounds "7"]
[EventCountry "ESP"]
[Source "lmi"]
[SourceDate "2011.12.26"]

1. Nf3 Nf6 2. c4 e6 3. Nc3 Bb4 4. Qc2 O-O 5. a3 Bxc3 6. Qxc3 d6 7. d3 c5 8. g3
b6 9. Bg2 Bb7 10. O-O d5 11. b4 Nbd7 12. e3 Qc7 13. Bb2 Rac8 14. cxd5 Bxd5 15.
e4 Bb7 16. Ne5 Rfd8 17. Rfd1 Nxe5 18. Qxe5 Qe7 19. b5 Ne8 20. Bh3 Rd6 21. a4
Rcd8 22. Bf1 f6 23. Qf4 e5 24. Qe3 Nc7 25. f4 exf4 26. gxf4 f5 27. Be5 Rg6+ 28.
Bg2 Ne6 29. Kh1 Qh4 30. Ra2 Rh6 31. Bf3 Nd4 32. Rg1 Rd7 33. Bxd4 cxd4 34. Qc1
fxe4 35. Bxe4 Bxe4+ 36. dxe4 Qe7 37. Rag2 Rg6 38. Rxg6 hxg6 39. e5 d3 40. Qc4+
Kh7 41. Rg3 Qh4 42. Qe6 d2 1-0

[Event "Madrid-ch 2011-2012 sub-18"]
[Site "Madrid ESP"]
[Date "2011.12.30"]
[Round "5.1"]
[White "Cerrato Torrijos, Maria"]
[Black "Madurga Lopez, Ignacio"]
[Result "1-0"]
[WhiteElo "2069"]
[BlackElo "2092"]
[PlyCount "53"]
[EventDate "2011.12.26"]
[EventType "swiss"]
[EventRounds "7"]
[EventCountry "ESP"]
[Source "lmi"]
[SourceDate "2011.12.26"]

1. e4 c5 2. Nc3 d6 3. Nge2 Nf6 4. d4 cxd4 5. Nxd4 a6 6. g3 e5 7. Nf5 d5 8. Bg5
d4 9. Bxf6 gxf6 10. Ne2 Bxf5 11. exf5 Qd5 12. Rg1 Nc6 13. Bg2 Qa5+ 14. Qd2 Qb6
15. O-O-O Rc8 16. Bxc6+ Rxc6 17. Kb1 Bb4 18. Qd3 O-O 19. g4 Bc3 20. Nxc3 dxc3
21. b3 Qxf2 22. g5 fxg5 23. Rxg5+ Kh8 24. Rdg1 Qc5 25. Qg3 Rcc8 26. Rg7 Qd6 27.
Rxh7+ 1-0

[Event "Madrid-ch 2011-2012 sub-18"]
[Site "Madrid ESP"]
[Date "2011.12.30"]
[Round "5.2"]
[White "Suarez Uriel, Adrian"]
[Black "Rios Rebollo, Victor"]
[Result "1-0"]
[WhiteElo "2238"]
[BlackElo "1848"]
[PlyCount "107"]
[EventDate "2011.12.26"]
[EventType "swiss"]
[EventRounds "7"]
[EventCountry "ESP"]
[Source "lmi"]
[SourceDate "2011.12.26"]

1. e4 e6 2. d4 d5 3. Nc3 Nf6 4. Bg5 Be7 5. e5 Nfd7 6. h4 Bxg5 7. hxg5 Qxg5 8.
Nf3 Qe7 9. Bd3 a6 10. Qd2 c5 11. dxc5 Nxc5 12. Bxh7 Nc6 13. O-O-O Bd7 14. Bd3
Nxd3+ 15. cxd3 O-O-O 16. Kb1 Kb8 17. Rc1 Rc8 18. Qe3 f6 19. Qf4 Ka7 20. Qe3+
Kb8 21. Rhe1 Qf7 22. Na4 Nxe5 23. Nxe5 fxe5 24. Qxe5+ Ka7 25. Nc5 Rc6 26. Nxd7
Qxd7 27. Rxc6 bxc6 28. Qxe6 Qxe6 29. Rxe6 Kb6 30. Rg6 Re8 31. f4 Re7 32. Kc2 a5
33. Rg5 Kc5 34. Kc3 Rf7 35. g3 Re7 36. Re5 Rf7 37. f5 Rc7 38. g4 Rb7 39. d4+
Kb6 40. g5 Rf7 41. f6 gxf6 42. Rf5 Rg7 43. gxf6 Rf7 44. a3 Kc7 45. a4 Kb7 46.
b4 Kb6 47. bxa5+ Kxa5 48. Kb3 Rb7+ 49. Ka3 Rf7 50. Rf4 Ka6 51. Kb4 Kb6 52. a5+
Ka6 53. Kc5 Kxa5 54. Kxc6 1-0

[Event "Madrid-ch 2011-2012 sub-18"]
[Site "Madrid ESP"]
[Date "2011.12.30"]
[Round "5.3"]
[White "Fernandez Lledo, Javier"]
[Black "Morona Minguez, Irene"]
[Result "1-0"]
[WhiteElo "2171"]
[BlackElo "1901"]
[PlyCount "97"]
[EventDate "2011.12.26"]
[EventType "swiss"]
[EventRounds "7"]
[EventCountry "ESP"]
[Source "lmi"]
[SourceDate "2011.12.26"]

1. Nf3 Nf6 2. c4 g6 3. d4 Bg7 4. g3 d6 5. Bg2 O-O 6. O-O Nbd7 7. Nc3 e5 8. e4
c6 9. h3 exd4 10. Nxd4 Re8 11. Re1 Nc5 12. Bf4 Qb6 13. Nb3 Nxb3 14. axb3 d5 15.
Be3 Qd8 16. cxd5 cxd5 17. exd5 Bf5 18. g4 Bd7 19. b4 Qc7 20. Qb3 a6 21. Rad1
Bb5 22. Nxb5 axb5 23. Qd3 Qd7 24. Bf1 Re5 25. Qxb5 Qxb5 26. Bxb5 Nxd5 27. Bc5
Rxe1+ 28. Rxe1 Bxb2 29. Bc4 Nf4 30. Re7 Nxh3+ 31. Kh2 Ng5 32. Rxb7 Rc8 33. Bb3
h5 34. gxh5 gxh5 35. f4 Ne6 36. Bxe6 fxe6 37. Kg3 Bc1 38. Bd6 Rc4 39. b5 h4+
40. Kxh4 Bxf4 41. Bxf4 Rxf4+ 42. Kg5 Rf5+ 43. Kg6 Kf8 44. b6 Ke8 45. Rh7 Rb5
46. b7 Kd8 47. Kf6 e5 48. Ke6 e4 49. Rd7+ 1-0

[Event "Madrid-ch 2011-2012 sub-18"]
[Site "Madrid ESP"]
[Date "2011.12.30"]
[Round "5.4"]
[White "Martin Duque, Jesus"]
[Black "Ananian, Arman"]
[Result "1-0"]
[WhiteElo "2174"]
[BlackElo "1814"]
[PlyCount "65"]
[EventDate "2011.12.26"]
[EventType "swiss"]
[EventRounds "7"]
[EventCountry "ESP"]
[Source "lmi"]
[SourceDate "2011.12.26"]

1. Nf3 Nf6 2. c4 d6 3. Nc3 e5 4. d3 g6 5. g3 Bg7 6. Bg2 O-O 7. O-O Nc6 8. Rb1
Ne7 9. b4 Nh5 10. e4 f5 11. exf5 gxf5 12. Ne1 Nf6 13. Nc2 Ng6 14. Bg5 h6 15.
Bxf6 Bxf6 16. Qh5 Kh7 17. Nd5 Bd7 18. b5 Rb8 19. Nce3 Rf7 20. h4 Be6 21. Rfc1
Qf8 22. a4 Nh8 23. Kh1 Kg8 24. f4 Rd7 25. Bh3 Rf7 26. Kh2 Rc8 27. Rg1 c6 28.
Nb4 c5 29. Nbd5 Bxd5 30. Nxd5 Re8 31. Rbe1 e4 32. dxe4 fxe4 33. f5 1-0

[Event "Madrid-ch 2011-2012 sub-18"]
[Site "Madrid ESP"]
[Date "2012.01.03"]
[Round "6.1"]
[White "Rios Rebollo, Victor"]
[Black "Cerrato Torrijos, Maria"]
[Result "0-1"]
[WhiteElo "1848"]
[BlackElo "2069"]
[PlyCount "110"]
[EventDate "2011.12.26"]
[EventType "swiss"]
[EventRounds "7"]
[EventCountry "ESP"]
[Source "lmi"]
[SourceDate "2011.12.26"]

1. d4 Nf6 2. c4 e6 3. Nf3 d5 4. e3 Be7 5. Qc2 O-O 6. Nbd2 b6 7. b3 c5 8. Be2
Bb7 9. Bb2 Nbd7 10. Rc1 Rc8 11. Qb1 Ne4 12. cxd5 exd5 13. O-O Ndf6 14. Rfd1
Nxd2 15. Nxd2 Bd6 16. Qa1 Be7 17. Nf3 Qd6 18. h3 Qe6 19. Ne5 Ne4 20. Nd3 Qh6
21. Rc2 Rfd8 22. Rdc1 Ba6 23. Nf4 Bxe2 24. Nxe2 Rc6 25. Nf4 Bf8 26. Nd3 Rdc8
27. Ne5 R6c7 28. a4 f6 29. Nd3 c4 30. Nf4 c3 31. Bxc3 Bb4 32. Nxd5 Bxc3 33.
Nxc3 Qg6 34. Nd5 Rxc2 35. Rxc2 Re8 36. Qc1 Qf5 37. Nc3 Ng5 38. Nb5 Nxh3+ 39.
gxh3 Qxh3 40. Rd2 Re4 41. f3 Rh4 42. Qf1 Qh1+ 43. Kf2 Rh2+ 44. Ke1 Qxf1+ 45.
Kxf1 Rxd2 46. Nxa7 Rd3 47. Ke2 Rxb3 48. Nc8 Kf7 49. e4 Ke6 50. f4 Rb4 51. Ke3
Kd7 52. Na7 Rxa4 53. Nb5 Ra5 54. Nc3 Ra3 55. Kd3 h5 0-1

[Event "Madrid-ch 2011-2012 sub-18"]
[Site "Madrid ESP"]
[Date "2012.01.03"]
[Round "6.2"]
[White "Fernandez Lledo, Javier"]
[Black "Suarez Uriel, Adrian"]
[Result "0-1"]
[WhiteElo "2171"]
[BlackElo "2238"]
[PlyCount "88"]
[EventDate "2011.12.26"]
[EventType "swiss"]
[EventRounds "7"]
[EventCountry "ESP"]
[Source "lmi"]
[SourceDate "2011.12.26"]

1. Nf3 Nf6 2. c4 c5 3. b3 Nc6 4. Bb2 d6 5. g3 e5 6. d3 Be7 7. Bg2 O-O 8. O-O
Ne8 9. Nc3 Be6 10. a3 f5 11. Ne1 Qd7 12. Nc2 Rb8 13. b4 b6 14. Nd5 f4 15. b5
Nd8 16. e3 Nf6 17. exf4 Bxd5 18. cxd5 exf4 19. a4 Ng4 20. d4 Qf5 21. Ra3 Nf7
22. h3 Nf6 23. gxf4 Qxf4 24. Rf3 Qh4 25. Ne3 Nh6 26. dxc5 bxc5 27. Qc2 Nh5 28.
Rxf8+ Rxf8 29. Qe4 Nf4 30. Kh2 Nxg2 31. Qe6+ Rf7 32. Kxg2 Qxa4 33. Ra1 Qxb5 34.
Rxa7 Qxb2 35. Rxe7 Qxf2+ 36. Kh1 Qf3+ 37. Ng2 g6 38. Qxd6 Rxe7 39. Qxe7 Qxd5
40. Kh2 Nf7 41. Nf4 Qd6 42. Qxd6 Nxd6 43. Kg3 Kf7 44. Nd3 c4 0-1

[Event "Madrid-ch 2011-2012 sub-18"]
[Site "Madrid ESP"]
[Date "2012.01.03"]
[Round "6.3"]
[White "Madurga Lopez, Ignacio"]
[Black "Pablos Tenrero, Raquel"]
[Result "1-0"]
[WhiteElo "2092"]
[BlackElo "1963"]
[PlyCount "61"]
[EventDate "2011.12.26"]
[EventType "swiss"]
[EventRounds "7"]
[EventCountry "ESP"]
[Source "lmi"]
[SourceDate "2011.12.26"]

1. e4 c6 2. Nc3 d5 3. Qf3 e6 4. d4 Bb4 5. e5 Ne7 6. a3 Ba5 7. Bd3 c5 8. b4 cxd4
9. Nb5 Bc7 10. Qg3 Ng6 11. Nf3 Nc6 12. O-O O-O 13. Nxc7 Qxc7 14. Re1 a6 15. h4
Re8 16. h5 Nf8 17. Bg5 f5 18. exf6 Qxg3 19. fxg3 e5 20. b5 axb5 21. Bxb5 Nd7
22. fxg7 Kxg7 23. Bxc6 bxc6 24. Nxd4 c5 25. Nf5+ Kh8 26. Ne7 Ra6 27. Nxd5 Rg8
28. Bh4 h6 29. Ne7 Re8 30. Rad1 Rxa3 31. Nxc8 1-0